Nicaragua Departments Capital Cities Quiz - Statistics

General Stats
  • This quiz has been taken 202 times
  • The average score is 14 of 17
Answer Stats
Hint Answer % Correct
Chinandega Department Chinandega
94%
Managua Department Managua
94%
Boaco Department Boaco
92%
Estelí Department Estelí
91%
Granada Department Granada
91%
León Department León
91%
Matagalpa Department Matagalpa
91%
Jinotega Department Jinotega
89%
Masaya Department Masaya
89%
Rivas Department Rivas
88%
South Caribbean Coast Autonomous Region Bluefields
74%
Carazo Department Jinotepe
64%
Nueva Segovia Department Ocotal
62%
Río San Juan Department San Carlos
62%
Madriz Department Somoto
61%
Chontales Department Juigalpa
59%
North Caribbean Coast Autonomous Region Bilwi
58%
No matching quizzes found
Score Distribution
Percent of People with Each Score
Percentile by Number Answered
Your Score History
You have not taken this quiz